[Event "19th EUR-ch"]
[Site "Batumi GEO"]
[Date "2018.03.22"]
[Round "6.114"]
[White "Sousa, Andre Ventura"]
[Black "Sargissian, Sargis"]
[Result "1-0"]
[WhiteElo "2417"]
[BlackElo "2284"]
[EventDate "2018.03.17"]
[PlyCount "117"]

1.Nf3 Nf6 2.d4 g6 3.Bg5 Bg7 4.Nbd2 c5 5.c3 cxd4 6.cxd4 O-O 7.e3 Nc6 8.Be2 
d6 9.O-O h6 10.Bh4 g5 11.Bg3 Nh5 12.d5 Nb4 13.Qb3 a5 14.Nd4 Nxg3 15.hxg3 
Na6 16.g4 Nc5 17.Qc2 Bd7 18.Ne4 Qc8 19.Ng3 e6 20.Rad1 Qe8 21.Bf3 Rc8 22.
Qb1 Be5 23.Ne4 Nxe4 24.Bxe4 Bxd4 25.dxe6 fxe6 26.Rxd4 d5 27.Bf3 Bc6 28.Rd2
Kg7 29.b4 Qg6 30.Qb2+ Qf6 31.Qa3 Qe7 32.Qxa5 Ra8 33.Qb6 Ra6 34.Qd4+ Qf6 
35.Qc5 Ra4 36.b5 Be8 37.Qb6 Rf7 38.Rc2 Rb4 39.Be2 Rb2 40.Rxb2 Qxb2 41.Bd3 
Bd7 42.a4 Qc3 43.Rd1 Qf6 44.f3 Be8 45.Rc1 Qb2 46.Qd4+ Qxd4 47.exd4 Rf4 48.
Rc8 Bf7 49.b6 Rxd4 50.Bb5 Kf6 51.Rc7 Rd1+ 52.Kf2 Rd2+ 53.Kf1 Bg6 54.Rxb7 
Bd3+ 55.Bxd3 Rxd3 56.Rh7 Rb3 57.a5 d4 58.b7 Ke5 59.a6 1-0

[Event "19th EUR-ch"]
[Site "Batumi GEO"]
[Date "2018.03.22"]
[Round "6.115"]
[White "Atakishiev, Elmar"]
[Black "Erenberg, Ariel"]
[Result "0-1"]
[WhiteElo "1999"]
[BlackElo "2415"]
[EventDate "2018.03.17"]
[PlyCount "58"]

1.e4 e5 2.Nf3 Nc6 3.Bc4 Bc5 4.c3 Nf6 5.b4 Bb6 6.d3 d6 7.a4 a5 8.b5 Ne7 9.
O-O h6 10.Nbd2 O-O 11.Bb3 c6 12.Nc4 Bc7 13.Re1 Re8 14.Ba3 Be6 15.Qc2 Ng6 
16.Rad1 Bg4 17.Ncd2 Qd7 18.d4 Nf4 19.dxe5 dxe5 20.b6 Bxf3 21.Nxf3 Qg4 22.
g3 Qxf3 23.gxf4 Bxb6 24.f5 Ng4 25.Bxf7+ Kh8 26.Rd2 Red8 27.Rf1 Rxd2 28.
Qxd2 Rd8 29.Qb2 Bxf2+ 0-1

[Event "19th EUR-ch"]
[Site "Batumi GEO"]
[Date "2018.03.22"]
[Round "6.116"]
[White "Danielian, Elina"]
[Black "Garayev, Kanan"]
[Result "1-0"]
[WhiteElo "2413"]
[BlackElo "2252"]
[EventDate "2018.03.17"]
[PlyCount "97"]

1.Nf3 e6 2.c4 Nf6 3.e3 d5 4.d4 c6 5.Bd3 Nbd7 6.Nbd2 Bd6 7.O-O O-O 8.e4 
dxe4 9.Nxe4 Nxe4 10.Bxe4 Qc7 11.Bc2 Bf4 12.Bxf4 Qxf4 13.Re1 Nf6 14.Qd3 b6 
15.Re5 g6 16.g3 Qh6 17.h4 Bb7 18.b4 Rad8 19.c5 Nd7 20.Re3 bxc5 21.bxc5 
Nxc5 22.Qa3 Nd7 23.Qxa7 Ba8 24.Bb3 c5 25.dxc5 Bxf3 26.Rxf3 Ne5 27.Re3 Qh5 
28.Qa4 Nf3+ 29.Kg2 Rd4 30.Qc6 Ne5 31.Qc7 Nd3 32.c6 g5 33.Qa5 e5 34.Rxe5 
Nxe5 35.Qxe5 Rd3 36.Bd5 Qg4 37.hxg5 Rd2 38.Bf3 Qc4 39.Qf5 Rxf2+ 40.Kxf2 
Qd4+ 41.Kg2 Qb2+ 42.Kh3 Qxa1 43.Be4 Re8 44.c7 Qc1 45.Qxh7+ Kf8 46.Qh8+ Ke7
47.Qf6+ Kf8 48.Bc6 Rc8 49.Qh8+ 1-0

[Event "19th EUR-ch"]
[Site "Batumi GEO"]
[Date "2018.03.22"]
[Round "6.117"]
[White "Bagaturov, Giorgi"]
[Black "Aleksanian, Hrant"]
[Result "1/2-1/2"]
[WhiteElo "2410"]
[BlackElo "2250"]
[EventDate "2018.03.17"]
[PlyCount "82"]

1.Nf3 d5 2.c4 e6 3.b3 Nf6 4.g3 d4 5.e3 c5 6.exd4 cxd4 7.Bg2 Nc6 8.O-O Bc5 
9.d3 O-O 10.a3 a5 11.Re1 Re8 12.Ne5 Nxe5 13.Rxe5 Qc7 14.f4 Bd6 15.Re1 e5 
16.fxe5 Rxe5 17.Rxe5 Bxe5 18.Nd2 Ng4 19.Nf3 Bf6 20.Bf4 Qb6 21.Qc2 Ne3 22.
Bxe3 dxe3 23.c5 Qe6 24.Re1 Bd7 25.Qc4 Qxc4 26.bxc4 Re8 27.d4 Bg4 28.Ne5 
Bxe5 29.dxe5 Rxe5 30.Bxb7 Rxc5 31.Rxe3 Be6 32.Bd5 Kf8 33.Bxe6 fxe6 34.Re4 
Ke7 35.Kf2 Kd6 36.Rd4+ Kc6 37.Ke3 Rh5 38.h4 g5 39.hxg5 Rxg5 40.g4 h5 41.
gxh5 Rxh5 1/2-1/2

[Event "19th EUR-ch"]
[Site "Batumi GEO"]
[Date "2018.03.22"]
[Round "6.118"]
[White "Schekachikhin, Maksim"]
[Black "Yuksel, Atilla Koksal"]
[Result "1-0"]
[WhiteElo "2406"]
[BlackElo "2237"]
[EventDate "2018.03.17"]
[PlyCount "44"]

1.c4 b6 2.Nc3 Bb7 3.d4 e6 4.a3 f5 5.d5 Nf6 6.g3 g6 7.Bg2 Bg7 8.Nh3 O-O 9.
O-O Na6 10.Bg5 h6 11.Bd2 Nc5 12.Qc2 Kh7 13.Rad1 Qe8 14.Nb5 Qc8 15.Bf4 d6 
16.b4 Na6 17.Bxd6 cxd6 18.Nxd6 Qc7 19.Nxb7 exd5 20.b5 Nb8 21.Nf4 Qxb7 22.
Nxd5 Nbd7 1-0

[Event "19th EUR-ch"]
[Site "Batumi GEO"]
[Date "2018.03.22"]
[Round "6.119"]
[White "Tokranovs, Dmitrijs"]
[Black "Suleymanli, Aydin"]
[Result "0-1"]
[WhiteElo "2375"]
[BlackElo "2210"]
[EventDate "2018.03.17"]
[PlyCount "38"]

1.Nf3 d5 2.d4 Nf6 3.c4 c6 4.Nc3 e6 5.g3 dxc4 6.Bg2 Nbd7 7.O-O Bb4 8.Qc2 
O-O 9.e4 e5 10.dxe5 Ng4 11.a3 Be7 12.Bf4 Qa5 13.Qd2 Re8 14.Qd4 Qc5 15.Rad1
Qxd4 16.Rxd4 Bc5 17.Rd2 h6 18.Nd4 Bf8 19.h3 Ngxe5 0-1

[Event "19th EUR-ch"]
[Site "Batumi GEO"]
[Date "2018.03.22"]
[Round "6.120"]
[White "Baghdasarian, Vahe"]
[Black "Sahin, Ozgun"]
[Result "1-0"]
[WhiteElo "2431"]
[BlackElo "2201"]
[EventDate "2018.03.17"]
[PlyCount "32"]

1.c4 c5 2.Nc3 Nc6 3.g3 g6 4.Bg2 Bg7 5.d3 e6 6.h4 h6 7.e4 Nge7 8.Nge2 O-O 
9.Be3 Nd4 10.Qd2 Kh7 11.f4 h5 12.Rb1 d5 13.exd5 exd5 14.Bxd4 cxd4 15.Nxd5 
Nxd5 16.Bxd5 Bg4 1-0

[Event "19th EUR-ch"]
[Site "Batumi GEO"]
[Date "2018.03.22"]
[Round "6.121"]
[White "Kubicka, Anna"]
[Black "Mazur, Stefan"]
[Result "1/2-1/2"]
[WhiteElo "2235"]
[BlackElo "2439"]
[EventDate "2018.03.17"]
[PlyCount "54"]

1.Nf3 d5 2.d4 Nf6 3.c4 e6 4.cxd5 exd5 5.Bf4 Bd6 6.Bxd6 Qxd6 7.e3 O-O 8.Bd3
Bg4 9.O-O Nbd7 10.Nbd2 Rfe8 11.Qc2 c6 12.a3 Rac8 13.b4 Bxf3 14.Nxf3 b5 15.
Rfb1 Nb6 16.Qc5 Qb8 17.Ne5 g6 18.Nxc6 Qc7 19.Ne5 Nc4 20.Qxb5 Nxe5 21.dxe5 
Rxe5 22.Qa4 Ng4 23.h3 Rxe3 24.hxg4 Rxd3 25.Rc1 Rc3 26.Rxc3 Qxc3 27.Rd1 Rd8
1/2-1/2

[Event "19th EUR-ch"]
[Site "Batumi GEO"]
[Date "2018.03.22"]
[Round "6.122"]
[White "Mkrtchian, Sargis"]
[Black "Belous, Mikhail"]
[Result "1-0"]
[WhiteElo "2224"]
[BlackElo "2355"]
[EventDate "2018.03.17"]
[PlyCount "106"]

1.d4 Nf6 2.c4 g6 3.Nc3 Bg7 4.e4 d6 5.Nf3 O-O 6.Be2 e5 7.O-O Nc6 8.Be3 Ng4 
9.Bg5 f6 10.Bh4 g5 11.Bg3 Nh6 12.dxe5 fxe5 13.h3 Nf7 14.Nh2 Nd4 15.Bg4 Nh8
16.Bxc8 Rxc8 17.Ng4 Ng6 18.Ne3 Nf4 19.Nb5 Nde2+ 20.Kh2 a6 21.Na3 Nd4 22.
Nac2 Qe8 23.Re1 Nde6 24.Nf5 Bf6 25.Nce3 Qg6 26.Nd5 Rce8 27.b4 Bd8 28.Rc1 
b6 29.a4 a5 30.bxa5 bxa5 31.Rb1 Nc5 32.Rb8 Kh8 33.f3 Qe6 34.Qc2 Qd7 35.
Nxf4 gxf4 36.Bf2 Na6 37.Rb5 c6 38.Rbb1 d5 39.cxd5 cxd5 40.Red1 Nb4 41.Rxb4
axb4 42.Rxd5 Qe6 43.Rb5 Qa6 44.Rxb4 Ba5 45.Rb5 Rc8 46.Qd1 Rcd8 47.Qa1 Bc7 
48.Bb6 Rb8 49.Bxc7 Rxb5 50.Bxe5+ Rxe5 51.Qxe5+ Qf6 52.Qxf4 Re8 53.Qc1 Ra8 
1-0

[Event "19th EUR-ch"]
[Site "Batumi GEO"]
[Date "2018.03.22"]
[Round "6.123"]
[White "Baglan, Esat"]
[Black "Babazada, Khazar"]
[Result "0-1"]
[WhiteElo "2341"]
[BlackElo "2230"]
[EventDate "2018.03.17"]
[PlyCount "71"]

1.e4 Nf6 2.e5 Nd5 3.d4 d6 4.Nf3 g6 5.Bc4 Nb6 6.Bb3 Bg7 7.Ng5 e6 8.Qf3 O-O 
9.Qh3 h6 10.Ne4 d5 11.Nc5 Kh7 12.c3 N6d7 13.Nxd7 Bxd7 14.O-O c5 15.Nd2 
cxd4 16.cxd4 Nc6 17.Nf3 Rc8 18.Bg5 Qb6 19.Qh4 Na5 20.Bf6 Nxb3 21.axb3 a6 
22.Bxg7 Kxg7 23.Qf6+ Kg8 24.Qf4 Kg7 25.Qf6+ Kg8 26.Qf4 Kg7 27.Qe3 Rc2 28.
Rab1 Rfc8 29.h4 Qb4 30.Rfe1 Bb5 31.Qf4 Qe7 32.Re3 Re2 33.Rxe2 Bxe2 34.Nh2 
Rc2 35.g3 g5 36.Qe3 0-1

[Event "19th EUR-ch"]
[Site "Batumi GEO"]
[Date "2018.03.22"]
[Round "6.124"]
[White "Sargsian, Anna M."]
[Black "Martynov, Roman"]
[Result "0-1"]
[WhiteElo "2188"]
[BlackElo "2319"]
[EventDate "2018.03.17"]
[PlyCount "122"]

1.e4 c5 2.c3 d5 3.exd5 Qxd5 4.d4 Nf6 5.Nf3 e6 6.Be2 cxd4 7.cxd4 Nc6 8.Nc3 
Qd6 9.O-O Be7 10.Be3 O-O 11.Rc1 Rd8 12.a3 Bd7 13.Nb5 Qb8 14.Qd2 Nd5 15.Bc4
Nxe3 16.fxe3 Be8 17.Qf2 a6 18.Nc3 b5 19.Ba2 Ra7 20.Ne4 h6 21.Ng3 Bd6 22.
Nh5 b4 23.Qh4 Ne7 24.Qg4 Ng6 25.Nh4 b3 26.Bb1 f5 27.Qh3 Nxh4 28.Qxh4 Rc7 
29.Rcd1 Be7 30.Qh3 Bg5 31.e4 g6 32.Ng3 Rxd4 33.Rxd4 Be3+ 34.Kh1 Bxd4 35.
exf5 exf5 36.Qxh6 Bg7 37.Qh4 Qb5 38.Qd8 Qd7 39.Qb8 Rb7 40.Qa8 Ra7 41.Qf3 
Bf7 42.Rd1 Qe7 43.Qf2 Rd7 44.Rf1 Qd8 45.Nxf5 gxf5 46.Qxf5 Qf6 47.Qh7+ Kf8 
48.Rc1 Rc7 49.Rd1 Qd4 50.Bd3 Qxb2 51.Qh4 Qd4 52.Qg3 Rd7 53.Qb8+ Rd8 54.Qb7
Qd5 55.Qb4+ Qd6 56.Qb7 Qb8 57.Qxa6 b2 58.Rb1 Kg8 59.h3 Qb3 60.Bg6 Bd5 61.
Bf5 Qc4 0-1

[Event "19th EUR-ch"]
[Site "Batumi GEO"]
[Date "2018.03.22"]
[Round "6.125"]
[White "Burnett, Andrew"]
[Black "Demianjuk, Alexander"]
[Result "0-1"]
[WhiteElo "2183"]
[BlackElo "2313"]
[EventDate "2018.03.17"]
[PlyCount "62"]

1.e4 c5 2.Nc3 d6 3.f4 Nc6 4.Nf3 g6 5.Bb5 Bg7 6.Bxc6+ bxc6 7.d3 Rb8 8.O-O 
Nh6 9.f5 Ng4 10.Qe1 Ne5 11.b3 h6 12.Nxe5 Bxe5 13.fxg6 fxg6 14.Kh1 g5 15.
Rb1 Bg4 16.Nd1 Kd7 17.Ne3 Be6 18.Nf5 Rh7 19.Be3 Qb6 20.c3 Qa5 21.d4 cxd4 
22.b4 Qa6 23.cxd4 Bh8 24.a4 Bc4 25.b5 cxb5 26.axb5 Rxb5 27.Ra1 Qb7 28.Rf3 
Qxe4 29.Rxa7+ Ke6 30.d5+ Bxd5 31.Nxd6 Rb1 0-1

[Event "19th EUR-ch"]
[Site "Batumi GEO"]
[Date "2018.03.22"]
[Round "6.126"]
[White "Gharibian, Mamikon"]
[Black "Nikolaidis, Konstantinos"]
[Result "0-1"]
[WhiteElo "2312"]
[BlackElo "2184"]
[EventDate "2018.03.17"]
[PlyCount "104"]

1.d4 Nf6 2.c4 g6 3.Nc3 Bg7 4.e4 d6 5.Nf3 O-O 6.h3 e5 7.d5 Nh5 8.g3 Na6 9.
Nh2 Qe8 10.Qc2 f5 11.Bg2 Nc5 12.Be3 b6 13.Bxc5 bxc5 14.O-O-O Bd7 15.Kb1 
Rb8 16.Nf3 Rb4 17.Nd2 Bh6 18.a3 Rb6 19.Rhe1 Qc8 20.Ka2 Qb7 21.Rb1 Rb8 22.
Bf1 Nf6 23.Bd3 Bxd2 24.Qxd2 fxe4 25.Bf1 a6 26.Re3 Rb3 27.Qc2 Kg7 28.g4 Qb6
29.Bg2 Be8 30.Rg3 Bd7 31.Bf1 Be8 32.h4 Bd7 33.Be2 Qb7 34.Qd2 e3 35.Rxe3 
Bxg4 36.Bxg4 Nxg4 37.Re4 Nh6 38.f4 Nf7 39.h5 Qc8 40.h6+ Kg8 41.fxe5 dxe5 
42.Re2 Qh3 43.Ne4 Nd6 44.Nf6+ Kh8 45.Qc2 Re3 46.Rbe1 Reb3 47.Qc1 e4 48.Re3
Rxb2+ 49.Qxb2 Rxb2+ 50.Kxb2 Nxc4+ 51.Ka2 Nxe3 52.Rb1 Qxh6 0-1

[Event "19th EUR-ch"]
[Site "Batumi GEO"]
[Date "2018.03.22"]
[Round "6.127"]
[White "Sandu, Mihaela"]
[Black "Utiatskaja, Irina"]
[Result "1/2-1/2"]
[WhiteElo "2289"]
[BlackElo "2165"]
[EventDate "2018.03.17"]
[PlyCount "36"]

1.e4 c6 2.c4 d5 3.exd5 cxd5 4.cxd5 Nf6 5.Nc3 Nxd5 6.Nf3 g6 7.Bb5+ Nc6 8.
O-O Bg7 9.d4 O-O 10.h3 a6 11.Bxc6 bxc6 12.Bg5 Nxc3 13.bxc3 Be6 14.Re1 Re8 
15.Bf4 Bd5 16.Ne5 Bxe5 17.Bxe5 f6 18.Bg3 Bf7 1/2-1/2

[Event "19th EUR-ch"]
[Site "Batumi GEO"]
[Date "2018.03.22"]
[Round "6.128"]
[White "Nuber, Blasius"]
[Black "Eynullayev, Altay"]
[Result "1-0"]
[WhiteElo "2284"]
[BlackElo "2163"]
[EventDate "2018.03.17"]
[PlyCount "45"]

1.Nf3 c5 2.g3 Nf6 3.Bg2 d5 4.d3 e6 5.O-O g6 6.Nbd2 Bg7 7.Re1 O-O 8.e4 Nc6 
9.c3 a5 10.a4 b6 11.Nf1 Ba6 12.e5 Nd7 13.Bf4 Re8 14.h4 b5 15.axb5 Bxb5 16.
N1h2 f6 17.exf6 Qxf6 18.Bh3 Ra7 19.Ng5 Nf8 20.Bd6 c4 21.d4 e5 22.Bxf8 Rxf8
23.f4 1-0

[Event "19th EUR-ch"]
[Site "Batumi GEO"]
[Date "2018.03.22"]
[Round "6.129"]
[White "Paramzina, Anastasya"]
[Black "Qalagashvili, Pridon"]
[Result "0-1"]
[WhiteElo "2281"]
[BlackElo "2153"]
[EventDate "2018.03.17"]
[PlyCount "74"]

1.e4 c5 2.Nf3 e6 3.b3 a6 4.Bb2 d6 5.d4 cxd4 6.Nxd4 Nf6 7.Qf3 Nbd7 8.Nc3 
Qc7 9.a4 b6 10.Bd3 Bb7 11.O-O g6 12.Rfe1 Bg7 13.Rad1 O-O 14.h3 Ne5 15.Qe3 
Nxd3 16.Rxd3 Rac8 17.Ba1 Rfe8 18.Nf3 d5 19.e5 Ne4 20.Nxe4 dxe4 21.Rc3 Qb8 
22.Ng5 Bxe5 23.Rxc8 Rxc8 24.c4 Bxa1 25.Rxa1 Qe5 26.Re1 Rd8 27.Qxb6 Rd7 28.
c5 Qc3 29.Kf1 Qd3+ 30.Kg1 Qc3 31.Kf1 e3 32.f4 Bxg2+ 33.Kxg2 Qxe1 34.Qb8+ 
Kg7 35.Qe5+ Kh6 36.Kf3 Qf2+ 37.Kg4 f5+ 0-1

[Event "19th EUR-ch"]
[Site "Batumi GEO"]
[Date "2018.03.22"]
[Round "6.130"]
[White "Kuchava, Ana"]
[Black "Hakobyan, Hovhannes H."]
[Result "0-1"]
[WhiteElo "2149"]
[BlackElo "2280"]
[EventDate "2018.03.17"]
[PlyCount "69"]

1.d4 Nf6 2.Nf3 g6 3.g3 Bg7 4.Bg2 O-O 5.c4 d6 6.Nc3 Nbd7 7.O-O e5 8.d5 Nc5 
9.b4 Nce4 10.Nxe4 Nxe4 11.Bb2 f5 12.Qc2 g5 13.Nd2 Nxd2 14.Qxd2 f4 15.f3 h5
16.e3 Bh6 17.exf4 gxf4 18.h3 Bf5 19.g4 Bg6 20.Rf2 Kh7 21.Bc1 Qh4 22.a3 
Rae8 23.Rf1 hxg4 24.hxg4 Bg5 25.Qf2 Qh6 26.Ra2 Bh4 27.Qxa7 Bg3 28.Bh1 Rh8 
29.Rd1 Kg8 30.Bg2 e4 31.Qd4 Qh2+ 32.Kf1 exf3 33.Bxf3 Qxa2 34.Bb2 Re5 35.
Bc3 0-1

[Event "19th EUR-ch"]
[Site "Batumi GEO"]
[Date "2018.03.22"]
[Round "6.131"]
[White "Simonian, Latush"]
[Black "Tifferet, Shaked"]
[Result "0-1"]
[WhiteElo "2111"]
[BlackElo "2274"]
[EventDate "2018.03.17"]
[PlyCount "44"]

1.e4 e5 2.Nf3 Nc6 3.Nc3 Nf6 4.d4 exd4 5.Nxd4 Bb4 6.Nxc6 bxc6 7.Bd3 d5 8.
exd5 cxd5 9.O-O O-O 10.Bg5 c6 11.Qf3 Rb8 12.h3 Bd6 13.Rab1 Be6 14.Rfe1 h6 
15.Bd2 c5 16.Ne2 Ne4 17.Bxe4 dxe4 18.Qxe4 Bd5 19.Qd3 Re8 20.Bf4 Bxf4 21.
Nxf4 Qg5 22.f3 Red8 0-1

[Event "19th EUR-ch"]
[Site "Batumi GEO"]
[Date "2018.03.22"]
[Round "6.132"]
[White "Melkonyan, Arshak"]
[Black "Mikadze, Miranda"]
[Result "1/2-1/2"]
[WhiteElo "2082"]
[BlackElo "2268"]
[EventDate "2018.03.17"]
[PlyCount "62"]

1.Nf3 d5 2.d4 Nf6 3.c4 c6 4.Nbd2 Bf5 5.Nh4 Bd7 6.g3 e6 7.Bg2 c5 8.cxd5 
Nxd5 9.Nhf3 Nc6 10.O-O Rc8 11.dxc5 Bxc5 12.Ne4 Be7 13.Bg5 O-O 14.Bxe7 Qxe7
15.Qd2 Rfd8 16.Rac1 Be8 17.Qc2 Rc7 18.Qb1 h6 19.Rfd1 Rdc8 20.Bf1 f6 21.Nc3
Ncb4 22.Nxd5 Nxd5 23.Nd4 Bf7 24.Bh3 Rxc1 25.Rxc1 Rxc1+ 26.Qxc1 Qc7 27.Qd2 
f5 28.Bg2 Qc4 29.a3 g6 30.Nf3 Qe4 31.Qxh6 Qxe2 1/2-1/2

[Event "19th EUR-ch"]
[Site "Batumi GEO"]
[Date "2018.03.22"]
[Round "6.133"]
[White "Olcum, Ahmet"]
[Black "Uzunoglu, Efe Kerem"]
[Result "1/2-1/2"]
[WhiteElo "2257"]
[BlackElo "2060"]
[EventDate "2018.03.17"]
[PlyCount "60"]

1.e4 c5 2.d3 d6 3.g3 g6 4.Bg2 Bg7 5.Nc3 Nc6 6.Be3 e5 7.Nh3 Nge7 8.O-O Nd4 
9.f4 exf4 10.Nxf4 O-O 11.Qd2 Rb8 12.Rf2 b5 13.Raf1 Bb7 14.Ncd5 Nxd5 15.
Nxd5 Bxd5 16.exd5 b4 17.Bg5 Qd7 18.Bf6 Bxf6 19.Rxf6 Rbe8 20.Be4 Kg7 21.Kg2
Re5 22.h3 Qe7 23.c3 bxc3 24.bxc3 Nf5 25.R1xf5 gxf5 26.Qh6+ Kh8 27.Bxf5 
Re2+ 28.Kf3 Re3+ 29.Kf2 Re2+ 30.Kf3 Re3+ 1/2-1/2

[Event "19th EUR-ch"]
[Site "Batumi GEO"]
[Date "2018.03.22"]
[Round "6.134"]
[White "Abdulla, Khayala"]
[Black "Lomaia, Diana"]
[Result "1-0"]
[WhiteElo "2248"]
[BlackElo "1742"]
[EventDate "2018.03.17"]
[PlyCount "87"]

1.e4 c5 2.Nf3 d6 3.c4 Nf6 4.Nc3 Nc6 5.d4 cxd4 6.Nxd4 g6 7.Be3 Bg7 8.Be2 
O-O 9.O-O Bd7 10.f3 Rc8 11.Qd2 a6 12.Rfd1 Ne5 13.b3 Qc7 14.Rac1 Qb8 15.Bg5
Qa7 16.Bxf6 Bxf6 17.Nd5 Nc6 18.Nxf6+ exf6 19.Kh1 Rfd8 20.Nc2 Be6 21.Ne3 
Kg7 22.f4 Ne7 23.f5 Bd7 24.Rf1 Bc6 25.Ng4 Ng8 26.Qc3 g5 27.h4 h6 28.Bd3 b5
29.Rf3 bxc4 30.bxc4 Qe7 31.Rg3 Kf8 32.hxg5 hxg5 33.Rh3 Bb7 34.Rh8 Kg7 35.
Rh5 Kf8 36.Re1 Rc5 37.Re3 Rcc8 38.Rh8 Kg7 39.Reh3 Bxe4 40.R3h7+ Kf8 41.
Bxe4 Qxe4 42.Rxg8+ Ke7 43.Qxf6+ Kd7 44.Qxf7+ 1-0

[Event "19th EUR-ch"]
[Site "Batumi GEO"]
[Date "2018.03.22"]
[Round "6.135"]
[White "Turan, Asim"]
[Black "Gokhvat, Peter"]
[Result "0-1"]
[WhiteElo "2024"]
[BlackElo "2248"]
[EventDate "2018.03.17"]
[PlyCount "80"]

1.d4 Nf6 2.c4 c5 3.d5 e5 4.Nc3 d6 5.e4 Nbd7 6.g3 Be7 7.Bg2 Nf8 8.Qd3 Ng6 
9.Nf3 Bd7 10.O-O Qc8 11.Nd1 a6 12.Ne3 b5 13.b3 b4 14.a3 bxa3 15.Rxa3 h6 
16.Bd2 O-O 17.Bc3 Ra7 18.Nd2 Bh3 19.b4 Bxg2 20.Nxg2 cxb4 21.Bxb4 Qh3 22.f3
Rb7 23.Bc3 Nh5 24.Qe2 Bd8 25.c5 dxc5 26.Nc4 f5 27.Rxa6 f4 28.g4 Ng3 29.
hxg3 fxg3 30.Ne1 Nf4 31.Qc2 Rb1 32.Ne3 Rc1 33.Ra2 Rxc2 34.Rxc2 Bg5 35.Nc4 
g2 36.Nxg2 Nxg2 37.Rxg2 Rxf3 38.Rxf3 Qxf3 39.Bb2 Qd1+ 40.Kh2 Bf4+ 0-1

[Event "19th EUR-ch"]
[Site "Batumi GEO"]
[Date "2018.03.22"]
[Round "6.136"]
[White "Oglaza, Oskar"]
[Black "Ahadzade, Kanan"]
[Result "1-0"]
[WhiteElo "2240"]
[BlackElo "1965"]
[EventDate "2018.03.17"]
[PlyCount "87"]

1.e4 g6 2.d4 Bg7 3.Nc3 d6 4.f4 Nd7 5.Nf3 e6 6.f5 exf5 7.exf5 Ne7 8.fxg6 
fxg6 9.Bc4 Nf6 10.O-O d5 11.Bd3 O-O 12.Bg5 c6 13.Qd2 Nf5 14.Rae1 Qd6 15.a3
b5 16.Bf4 Qd8 17.Kh1 a5 18.Be5 Bh6 19.Bf4 Bg7 20.Nd1 Ra7 21.Ne5 Qb6 22.c3 
Rb7 23.Nf2 c5 24.dxc5 Qxc5 25.b4 Qb6 26.g4 Nd6 27.bxa5 Qc7 28.g5 Nh5 29.
Nfg4 Qd8 30.Nc6 Qd7 31.Ne7+ Kh8 32.Ne5 Qd8 33.N5xg6+ hxg6 34.Nxg6+ Kg8 35.
Nxf8 Bxf8 36.Bxd6 Bxd6 37.Bg6 Be7 38.Bf7+ Kg7 39.Qd4+ Bf6 40.gxf6+ Kxf7 
41.Re7+ Rxe7 42.fxe7+ Kxe7 43.Qh4+ Kd7 44.Rf7+ 1-0

[Event "19th EUR-ch"]
[Site "Batumi GEO"]
[Date "2018.03.22"]
[Round "6.138"]
[White "Morozov, Vitalij"]
[Black "Akhvlediani, Irakli"]
[Result "0-1"]
[WhiteElo "2039"]
[BlackElo "2318"]
[EventDate "2018.03.17"]
[PlyCount "52"]

1.e4 c6 2.c4 d5 3.exd5 cxd5 4.cxd5 Nf6 5.Qa4+ Nbd7 6.Nc3 g6 7.Nf3 Bg7 8.
Bc4 O-O 9.d3 a6 10.Qa3 Nb6 11.Qb3 Bg4 12.Ne5 Bf5 13.O-O Qc7 14.Re1 Nbd7 
15.Nxd7 Bxd7 16.a4 Ng4 17.g3 Bd4 18.Re2 b5 19.axb5 Nxf2 20.Rxf2 Qb6 21.Qc2
axb5 22.Ba2 b4 23.Kg2 Bxf2 24.Qxf2 Qxf2+ 25.Kxf2 bxc3 26.d6 exd6 0-1

[Event "19th EUR-ch"]
[Site "Batumi GEO"]
[Date "2018.03.22"]
[Round "6.139"]
[White "Babukhadia, Levan"]
[Black "Demircioglu, Emre"]
[Result "1-0"]
[WhiteElo "1968"]
[BlackElo "2285"]
[EventDate "2018.03.17"]
[PlyCount "81"]

1.e4 e5 2.Nf3 Nc6 3.Bb5 a6 4.Ba4 Nf6 5.O-O b5 6.Bb3 Bc5 7.c3 d6 8.d4 Bb6 
9.dxe5 Nxe5 10.Nxe5 dxe5 11.Qxd8+ Kxd8 12.Bxf7 Rf8 13.Bd5 Nxd5 14.exd5 Bb7
15.Bg5+ Kd7 16.Nd2 Bxd5 17.Rae1 Rae8 18.Be3 c5 19.f3 Kc6 20.Bf2 Bxa2 21.
Ra1 Rd8 22.Rfd1 Be6 23.b4 Bf5 24.Rxa6 Kb7 25.Rxb6+ Kxb6 26.Bxc5+ Kc6 27.
Bxf8 Rxf8 28.Nb3 Be6 29.Nc5 Bc8 30.Kf2 h6 31.Ke3 h5 32.Ne4 Bf5 33.Rd6+ Kc7
34.Rd5 Kc6 35.Rxe5 g6 36.Rc5+ Kb6 37.Nd6 Bd7 38.Rg5 Rf6 39.Ne4 Rc6 40.Rc5 
Re6 41.Rd5 1-0

[Event "19th EUR-ch"]
[Site "Batumi GEO"]
[Date "2018.03.22"]
[Round "6.140"]
[White "Smolin, Sergey"]
[Black "Naqopia, Giorgi"]
[Result "1-0"]
[WhiteElo "2153"]
[BlackElo "1849"]
[EventDate "2018.03.17"]
[PlyCount "53"]

1.e4 d6 2.Nc3 Nf6 3.f4 e5 4.Nf3 Nbd7 5.Bc4 Be7 6.d3 O-O 7.O-O c6 8.Bb3 Qc7
9.a4 Nc5 10.Ba2 Be6 11.Bxe6 Nxe6 12.f5 Nc5 13.Qe1 Rfe8 14.Kh1 a5 15.g4 h6 
16.g5 hxg5 17.Bxg5 d5 18.Qh4 dxe4 19.dxe4 Nh7 20.Rg1 Bxg5 21.Nxg5 Nf6 22.
Rg3 Rad8 23.Rag1 Kf8 24.Nh7+ Ke7 25.Rxg7 Rd6 26.Nxf6 Rxf6 27.Rxf7+ 1-0

[Event "19th EUR-ch"]
[Site "Batumi GEO"]
[Date "2018.03.22"]
[Round "6.141"]
[White "Suleymanli, Suleyman"]
[Black "Gebigke, Martin"]
[Result "1/2-1/2"]
[WhiteElo "1763"]
[BlackElo "2132"]
[EventDate "2018.03.17"]
[PlyCount "187"]

1.d4 Nf6 2.c4 e6 3.Nc3 Bb4 4.e3 O-O 5.Bd3 d5 6.a3 Bxc3+ 7.bxc3 c5 8.cxd5 
exd5 9.Ne2 b6 10.O-O Ba6 11.Bxa6 Nxa6 12.Qd3 Nc7 13.f3 Re8 14.Ng3 Ne6 15.
Bb2 Qd7 16.Rad1 Rad8 17.Rfe1 Qa4 18.Nf5 Rd7 19.Qb1 Qc4 20.e4 dxe4 21.fxe4 
Nf4 22.e5 N6h5 23.Rd2 Qe6 24.Rf1 Qg6 25.Nd6 Re6 26.Qxg6 Rxg6 27.g3 cxd4 
28.cxd4 Nd5 29.Rc2 h6 30.Rc8+ Kh7 31.Nxf7 Re6 32.Nd6 Ne3 33.Rf3 Nd5 34.
Rff8 Kg6 35.Kf2 Nhf6 36.Kf3 Nh7 37.Rfd8 Ng5+ 38.Kg2 Ne3+ 39.Kf2 Rxd8 40.
Rxd8 Nd1+ 41.Ke2 Nxb2 42.Rc8 Nf7 43.Ne4 Nxe5 44.dxe5 Rxe5 45.Kf3 Ra5 46.
Rc3 Ra4 47.Nd2 Ra5 48.Ne4 Rf5+ 49.Ke2 Re5 50.Kf3 Na4 51.Rc4 Ra5 52.Rb4 b5 
53.Nd6 Nc3 54.Rb3 Ra6 55.Nxb5 Nxb5 56.Rxb5 Rxa3+ 57.Kf2 Kf6 58.Rb7 h5 59.
h4 g6 60.Rb5 a6 61.Rb6+ Kf5 62.Kg2 Ra2+ 63.Kf3 Ra4 64.Rc6 Ra3+ 65.Kg2 Ra2+
66.Kf3 a5 67.Ra6 a4 68.Ra5+ Kf6 69.Ra6+ Kg7 70.Ra7+ Kf6 71.Ra6+ Kg7 72.
Ra7+ Kh6 73.Ra6 a3 74.Ra7 Ra1 75.Kg2 g5 76.Ra6+ Kg7 77.hxg5 Kf7 78.Kh2 Kg7
79.Kg2 Ra2+ 80.Kh3 Kf7 81.Rf6+ Kg7 82.Ra6 Ra1 83.Kg2 Ra2+ 84.Kh3 Kf7 85.
Rf6+ Kg8 86.Ra6 Kg7 87.g4 hxg4+ 88.Kxg4 Ra1 89.Kg3 a2 90.Kg2 Kf7 91.Kh2 
Kg7 92.Kg2 Kf7 93.Kh2 Kg7 94.Kg2 1/2-1/2

[Event "19th EUR-ch"]
[Site "Batumi GEO"]
[Date "2018.03.22"]
[Round "6.142"]
[White "Samadov, Read"]
[Black "Qalichava, Akaki"]
[Result "0-1"]
[WhiteElo "2099"]
[BlackElo "1796"]
[EventDate "2018.03.17"]
[PlyCount "140"]

1.e4 c5 2.Nf3 e6 3.d4 cxd4 4.Nxd4 Nc6 5.Nxc6 bxc6 6.Bd3 Nf6 7.O-O Qc7 8.
Qe2 d5 9.e5 Nd7 10.f4 Be7 11.Nd2 Qb6+ 12.Kh1 g6 13.b3 a5 14.Nf3 Nc5 15.Be3
Qc7 16.Rac1 a4 17.Qf2 Nd7 18.Rfd1 O-O 19.Qg3 Nc5 20.Qf2 Nxd3 21.cxd3 Bd7 
22.Bc5 Bxc5 23.Qxc5 axb3 24.axb3 Qb7 25.Rb1 Ra2 26.Rd2 Rxd2 27.Nxd2 Qa6 
28.Qc3 c5 29.Ra1 Qb6 30.Rc1 Ra8 31.h3 Qa5 32.Qc2 Qb4 33.g3 Qd4 34.Nf3 Qe3 
35.Kg2 Bb5 36.Rd1 d4 37.Qf2 Bc6 38.Qxe3 dxe3 39.g4 Ra2+ 40.Kg3 Rf2 41.Ne1 
Rf1 42.Rc1 e2 43.b4 cxb4 44.Rxc6 Rxe1 45.Kf2 Rf1+ 46.Kxe2 Rxf4 47.Rb6 Kg7 
48.Ke3 g5 49.d4 h5 50.Rxb4 hxg4 51.hxg4 Rxg4 52.Rb7 Rf4 53.Rd7 Kg6 54.d5 
exd5 55.Rxd5 Kh5 56.Rd1 Kg4 57.Rd5 Rf1 58.Ke2 Rf5 59.Ke3 Kg3 60.Ke4 Rf4+ 
61.Ke3 g4 62.Rd1 Rf3+ 63.Ke4 Kg2 64.Rd8 g3 65.Rd2+ Rf2 66.Rd1 Rf1 67.Rd2+ 
Kg1 68.Rd8 g2 69.Rg8 Kf2 70.Kf5 Ke3+ 0-1

[Event "19th EUR-ch"]
[Site "Batumi GEO"]
[Date "2018.03.22"]
[Round "6.143"]
[White "Grinev, Boris"]
[Black "Martsvalashvili, Ruzvelt"]
[Result "1-0"]
[WhiteElo "2092"]
[BlackElo "1671"]
[EventDate "2018.03.17"]
[PlyCount "88"]

1.d4 Nf6 2.Nf3 g6 3.Bf4 Bg7 4.e3 O-O 5.Be2 d5 6.c3 Nbd7 7.Qb3 c6 8.h3 Re8 
9.Nbd2 Nb6 10.a4 a5 11.O-O Nfd7 12.Rfe1 e5 13.dxe5 Nxe5 14.Rad1 Nbd7 15.e4
Nc5 16.Qc2 Nxf3+ 17.Bxf3 Qf6 18.Bg3 dxe4 19.Nxe4 Nxe4 20.Bxe4 Be6 21.Bc7 
Bf8 22.Bb6 Qh4 23.b3 Bxb3 24.Qxb3 Rxe4 25.Rxe4 Qxe4 26.Rd7 Be7 27.Be3 b5 
28.g3 Rd8 29.Rxd8+ Bxd8 30.axb5 a4 31.Qd1 Bf6 32.b6 Bxc3 33.b7 Be5 34.Qd8+
Kg7 35.b8=Q Bxb8 36.Qxb8 a3 37.Qb3 Qe6 38.Qxa3 Qxh3 39.Bd4+ Kh6 40.Qf8+ 
Kh5 41.Be3 Kg4 42.Qxf7 Qh5 43.f3+ Kxg3 44.Qf4+ Kh3 1-0